000 00643nam a2200253Ia 4500
005 20260121155853.0
008 008 260114s9999 xx 000 0 eng d
020 _a9780429400087
037 _aEBOOK
040 _aCRL
040 _beng
040 _cCRL
041 _2eng
041 _aeng
084 _qCRL
100 _a Deborah Elkis-Abuhoff; Morgan Gaydos
_91024857
245 0 _aArt and Expressive Therapies within the Medical Model
260 _bTaylor and Francis
260 _c2019
856 _uhttp://www.taylorfrancis.com/books/9780429400087
942 _cEBOOK
999 _c1591676
_d1591676